000 00284nam a2200097Ia 4500
005 20251222144858.0
008 251222s9999||||xx |||||||||||||| ||spa||
082 _a351.724/E92
245 0 _aTexto Ășnico de procedimientos administrativos de la SUNAT 2007: Tributos internos
942 _cLIB
999 _c21884
_d21884